| 000 | 00821nas a2200265 4500 | ||
|---|---|---|---|
| 001 | BR0600409 | ||
| 003 | BR-BrBNA | ||
| 005 | 20231205105813.0 | ||
| 007 | ta | ||
| 008 | 230509b bl.|||p| |||| 00| 00por d | ||
| 040 |
_aBR-BrBNA _bpor _cBiblioteca Nacional de Agricultura |
||
| 041 | _a(Pt) | ||
| 072 | _aP33 | ||
| 100 | 1 | _aAngelotti Netto, A. | |
| 100 | 1 | _aFernandes, E.J. | |
| 245 | 1 | _aCondutividade hidráulica de um Latossolo Vermelho em pousio e cultivo intensivo | |
| 650 | _aLATOSSOLO VERMELHO | ||
| 650 | _aCONDUTIVIDADE HIDRÁULICA | ||
| 650 | _aMANEJO DO SOLO | ||
| 650 | _aPOUSIO | ||
| 650 | _aTENSIÔMETRO | ||
| 773 | 0 |
_tPesquisa Agropecuária Brasileira (Brazil) _xISSN 0100-204X _g(Aug 2005), v. 40(8) p. 797-202 _wBR0600409 |
|
| 909 |
_a202311 _bLúcia _c55 _dLúcia Elande |
||
| 942 |
_2AGRIS _n0 _cANA |
||
| 999 |
_c184756 _d184756 |
||